[Event "EU-ch 23rd"]
[Site "Vrnjacka Banja"]
[Date "2023.03.10"]
[Round "8"]
[White "Savicevic, Vlatko"]
[Black "Cox, Tristan"]
[Result "1-0"]
[WhiteElo "2268"]
[BlackElo "1975"]
[PlyCount "37"]
[EventDate "2023.03.03"]
[EventType "swiss"]
[EventRounds "11"]
[EventCountry "SRB"]
[SourceTitle "CBM 213"]
[Source "ChessBase"]
[SourceDate "2023.04.30"]
[SourceVersion "1"]
[SourceVersionDate "2023.04.30"]
[SourceQuality "1"]

1. e4 c6 2. d4 d5 3. Nc3 dxe4 4. Nxe4 Nf6 5. Nxf6+ exf6 6. Nf3 Bd6 7. Bd3 0-0 8. 0-0 Bg4 9. h3 Bh5 10. Be3 Na6 11. c4 Nc7 12. Bf5 Ne6 13. d5 cxd5 14. Qxd5 Qe7 15. Bxh7+ Kxh7 16. Qxh5+ Kg8 17. Rad1 g6 18. Qh4 Ng7 19. Bd4 1-0

[Event "EU-ch 23rd"]
[Site "Vrnjacka Banja"]
[Date "2023.03.06"]
[Round "4"]
[White "Rabrenovic, Vladan"]
[Black "Cox, Tristan"]
[Result "0-1"]
[WhiteElo "2223"]
[BlackElo "1975"]
[PlyCount "70"]
[EventDate "2023.03.03"]
[EventType "swiss"]
[EventRounds "11"]
[EventCountry "SRB"]
[SourceTitle "CBM 213"]
[Source "ChessBase"]
[SourceDate "2023.04.30"]
[SourceVersion "1"]
[SourceVersionDate "2023.04.30"]
[SourceQuality "1"]

1. d4 Nf6 2. Bf4 g6 3. Nf3 Bg7 4. e3 0-0 5. h3 d6 6. Bh2 Nc6 7. Be2 e5 8. c3 exd4 9. cxd4 b6 10. 0-0 Bb7 11. Nc3 Ne7 12. Qb3 Ned5 13. Rfd1 Qe7 14. Rac1 Rfe8 15. Bb5 Red8 16. Bc4 Nxc3 17. Rxc3 a6 18. a4 Re8 19. Ng5 Rf8 20. Bxf7+ Kh8 21. Bc4 h6 22. Ne6 Ne4 23. Nxf8 Rxf8 24. Rc2 Qg5 25. Bf4 Qh4 26. Bd5 Qh5 27. Bxb7 Qxd1+ 28. Kh2 Nxf2 29. Bf3 Qh1+ 30. Kg3 g5 31. Kxf2 gxf4 32. Rxc7 fxe3+ 33. Qxe3 Qb1 34. Qd2 Qe4 35. Rc4 d5 0-1

[Event "EU-ch 23rd"]
[Site "Vrnjacka Banja"]
[Date "2023.03.04"]
[Round "2"]
[White "Zanan, Evgeny"]
[Black "Cox, Tristan"]
[Result "1-0"]
[WhiteElo "2485"]
[BlackElo "1975"]
[PlyCount "52"]
[EventDate "2023.03.03"]
[EventType "swiss"]
[EventRounds "11"]
[EventCountry "SRB"]
[SourceTitle "CBM 213"]
[Source "ChessBase"]
[SourceDate "2023.04.30"]
[SourceVersion "1"]
[SourceVersionDate "2023.04.30"]
[SourceQuality "1"]

1. e4 c6 2. d4 d5 3. e5 c5 4. Nf3 cxd4 5. Nxd4 e6 6. c4 Nc6 7. Nxc6 bxc6 8. Nd2 Ne7 9. Nf3 Ng6 10. Bd3 Be7 11. 0-0 0-0 12. Qe2 a5 13. cxd5 cxd5 14. Be3 Bd7 15. g3 Qb8 16. Bd4 Qb7 17. h4 Rfb8 18. h5 Nf8 19. h6 g6 20. a4 Be8 21. Rfc1 Nd7 22. Qe3 Bf8 23. Nh2 Rc8 24. Ng4 Be7 25. Rxc8 Qxc8 26. Bc3 Bd8 1-0

[Event "Blackpool op 46th"]
[Site "Blackpool"]
[Date "2023.02.12"]
[Round "5"]
[White "Cox, Tristan"]
[Black "Garcia Ruiz Fuentes, Angel Marcos"]
[Result "0-1"]
[WhiteElo "1975"]
[BlackElo "2063"]
[PlyCount "74"]
[EventDate "2023.02.10"]
[EventType "swiss"]
[EventRounds "5"]
[EventCountry "ENG"]
[SourceTitle "EXT 2024"]
[Source "ChessBase"]
[SourceDate "2023.10.10"]
[SourceVersion "1"]
[SourceVersionDate "2023.10.10"]
[SourceQuality "1"]

1. d4 Nf6 2. c4 g6 3. f3 Bg7 4. e4 0-0 5. Nc3 d6 6. Nge2 Nc6 7. Be3 a6 8. Rc1 Bd7 9. Qd2 b5 10. cxb5 axb5 11. Nxb5 Rxa2 12. d5 Ne5 13. Na3 Rxb2 14. Qd1 Qb8 15. Nc2 c5 16. dxc6 Bxc6 17. Ned4 Ba4 18. Be2 Rc8 19. 0-0 Qc7 20. Ba6 Ra8 21. Bd3 Qc3 22. Ne1 Qa3 23. Ndc2 Qb3 24. Rf2 Rc8 25. Bf1 Nc6 26. Qd3 Nd7 27. Qa6 Rb8 28. Bc4 Bb5 29. Bxb3 Bxa6 30. Bd5 Nce5 31. Ba7 Rb1 32. Rxb1 Rxb1 33. Ba2 Rd1 34. Bb3 Nd3 35. Rf1 N7c5 36. Bd5 Nf4 37. Ne3 Bd4 0-1

[Event "Blackpool op 46th"]
[Site "Blackpool"]
[Date "2023.02.12"]
[Round "4"]
[White "Ghasi, Ameet K"]
[Black "Cox, Tristan"]
[Result "1-0"]
[WhiteElo "2471"]
[BlackElo "1975"]
[PlyCount "91"]
[EventDate "2023.02.10"]
[EventType "swiss"]
[EventRounds "5"]
[EventCountry "ENG"]
[SourceTitle "EXT 2024"]
[Source "ChessBase"]
[SourceDate "2023.10.10"]
[SourceVersion "1"]
[SourceVersionDate "2023.10.10"]
[SourceQuality "1"]

1. Nf3 Nf6 2. g3 g6 3. Bg2 Bg7 4. 0-0 0-0 5. d3 d5 6. Nbd2 c5 7. e4 Nc6 8. Re1 e5 9. exd5 Nxd5 10. c3 Re8 11. Nc4 Bf5 12. Ng5 Nb6 13. Qb3 Qc7 14. Nd6 Re7 15. Nxf5 gxf5 16. Be3 h6 17. Nf3 Nd7 18. Nh4 f4 19. Bd2 Nf8 20. gxf4 exf4 21. Nf5 Re6 22. Bd5 Rg6+ 23. Kh1 Rd8 24. Be4 Ne6 25. Nh4 Rg4 26. Nf3 Ne7 27. Qxb7 Qxb7 28. Bxb7 Rd6 29. Ba8 Rg6 30. Nh4 Rg4 31. Ng2 Rxd3 32. Rad1 Rh3 33. f3 Rg6 34. Nxf4 Nxf4 35. Bxf4 Rh4 36. Bb8 Bf6 37. Rd7 Nf5 38. Bd5 Rg7 39. Re8+ Kh7 40. Be4 Rh5 41. Rd5 Kg6 42. Rxc5 Rh7 43. Rg8+ Bg7 44. Bxa7 f6 45. Rxf5 Rxf5 46. Rd8 1-0

[Event "Hanoi 08"]
[Site "Hanoi"]
[Date "2022.08.04"]
[Round "7"]
[White "Nguyen, Van Huy"]
[Black "Cox, Tristan"]
[Result "1-0"]
[WhiteElo "2343"]
[BlackElo "2141"]
[PlyCount "73"]
[EventDate "2022.08.01"]
[EventType "tourn"]
[EventRounds "9"]
[EventCountry "VIE"]
[SourceTitle "EXT 2023"]
[Source "ChessBase"]
[SourceDate "2022.10.05"]
[SourceVersion "1"]
[SourceVersionDate "2022.10.05"]
[SourceQuality "1"]

1. d4 d5 2. Nf3 Nf6 3. c4 e6 4. Nc3 Bb4 5. g3 0-0 6. Bg2 dxc4 7. 0-0 Nc6 8. Qa4 Nd5 9. Qc2 h6 10. Rd1 Bd7 11. e4 Nxc3 12. bxc3 Bd6 13. Be3 Qe8 14. Qe2 Na5 15. Nd2 Ba3 16. e5 Rb8 17. Ne4 Be7 18. Bxh6 f5 19. exf6 Bxf6 20. Nxf6+ Rxf6 21. Bf4 Rc8 22. Be5 Rh6 23. Bxg7 Kxg7 24. Qe5+ Kg8 25. Qxa5 Rh5 26. Qxa7 Bc6 27. d5 Bxd5 28. Bxd5 exd5 29. Qxb7 Qe6 30. Qb2 Qh3 31. f4 c6 32. Re1 Qf5 33. Re5 Qf7 34. Rae1 Rh7 35. Qe2 Qa7+ 36. Kg2 Rf7 37. Qg4+ 1-0

[Event "Hanoi 07"]
[Site "Hanoi"]
[Date "2022.07.26"]
[Round "1"]
[White "Tran, Dang Minh Quang"]
[Black "Cox, Tristan"]
[Result "1/2-1/2"]
[WhiteElo "2083"]
[BlackElo "2141"]
[PlyCount "70"]
[EventDate "2022.07.26"]
[EventType "tourn"]
[EventRounds "9"]
[EventCountry "VIE"]
[SourceTitle "EXT 2023"]
[Source "ChessBase"]
[SourceDate "2022.10.05"]
[SourceVersion "1"]
[SourceVersionDate "2022.10.05"]
[SourceQuality "1"]

1. d4 d5 2. Bf4 c5 3. e3 Nc6 4. Nf3 Nf6 5. Nbd2 Bg4 6. c3 e6 7. Qa4 Bxf3 8. Nxf3 a6 9. Ne5 Rc8 10. Be2 Nd7 11. Nxd7 Qxd7 12. 0-0 cxd4 13. cxd4 Bd6 14. Bxd6 Qxd6 15. Rac1 0-0 16. Rc5 Rc7 17. Rfc1 Rfc8 18. Qc2 g6 19. a3 Kg7 20. g3 Kf6 21. Kg2 Ke7 22. b4 Kd8 23. b5 axb5 24. Qb2 b4 25. axb4 Ne7 26. Qa3 Nc6 27. Bb5 Nb8 28. e4 dxe4 29. Qe3 Nc6 30. Bxc6 Rxc6 31. Qxe4 Rxc5 32. dxc5 Qc6 33. Kf3 Kc7 34. b5 Qxe4+ 35. Kxe4 Rd8 1/2-1/2

[Event "ECF Charity Marathon UKR"]
[Site "Chess.com INT"]
[Date "2022.04.03"]
[Round "?"]
[White "Baker, Chris W"]
[Black "Cox, Tristan"]
[Result "0-1"]
[WhiteElo "2272"]
[BlackElo "2141"]
[PlyCount "22"]
[EventDate "2022.04.02"]
[EventType "swiss (blitz)"]
[EventRounds "74"]
[EventCountry "USA"]
[SourceTitle "CBM 207 Extra"]
[Source "ChessBase"]
[SourceDate "2022.05.31"]
[SourceVersion "1"]
[SourceVersionDate "2022.05.31"]
[SourceQuality "1"]

1. Nf3 d5 2. c4 e6 3. d4 Nf6 4. g3 Be7 5. Bg2 0-0 6. 0-0 dxc4 7. Nbd2 b5 8. a4 c6 9. b3 c3 10. Nb1 b4 11. Bg5 a5 0-1

[Event "ECF Charity Marathon UKR"]
[Site "Chess.com INT"]
[Date "2022.04.03"]
[Round "?"]
[White "Cox, Tristan"]
[Black "Arkell, Keith C"]
[Result "1/2-1/2"]
[WhiteElo "2141"]
[BlackElo "2383"]
[PlyCount "123"]
[EventDate "2022.04.02"]
[EventType "swiss (blitz)"]
[EventRounds "74"]
[EventCountry "USA"]
[SourceTitle "CBM 207 Extra"]
[Source "ChessBase"]
[SourceDate "2022.05.31"]
[SourceVersion "1"]
[SourceVersionDate "2022.05.31"]
[SourceQuality "1"]

1. d4 e6 2. Nf3 Nf6 3. Bg5 c5 4. e3 cxd4 5. exd4 Be7 6. c3 b6 7. Nbd2 0-0 8. Bd3 Ba6 9. Bxa6 Nxa6 10. a4 Nc7 11. 0-0 a6 12. Qe2 b5 13. axb5 axb5 14. Bf4 Ncd5 15. Bg3 Qb6 16. Ne5 Qb7 17. Nd3 d6 18. Rfe1 h6 19. h3 Rxa1 20. Rxa1 Ra8 21. Qd1 Ra6 22. Rxa6 Qxa6 23. Qb3 g5 24. Kh2 Kg7 25. Nb1 Ne4 26. Na3 Nxg3 27. Kxg3 Nc7 28. Nb4 Qb7 29. Nbc2 Qe4 30. Kh2 d5 31. Ne3 Bd6+ 32. Kg1 Qd3 33. Qc2 Qxc2 34. Naxc2 f5 35. Kf1 h5 36. Ke2 Kf6 37. Kd3 f4 38. Nf1 g4 39. hxg4 hxg4 40. Nd2 Kf5 41. b4 Be7 42. Na3 Bh4 43. Ke2 Bg5 44. f3 Bf6 45. Nb3 Kg5 46. Nc5 Kh4 47. fxg4 Kxg4 48. Kf2 Bh4+ 49. Kf1 f3 50. gxf3+ Kxf3 51. Nb7 Bg3 52. Nd8 Ke3 53. Kg2 Bh4 54. Nb7 Kd3 55. Nd6 Kxc3 56. Naxb5+ Nxb5 57. Nxb5+ Kxb4 58. Nc7 Bf6 59. Nxe6 Bxd4 60. Nxd4 Kc4 61. Nf3 d4 62. Nxd4 1/2-1/2

[Event "ECF Charity Marathon UKR"]
[Site "Chess.com INT"]
[Date "2022.04.03"]
[Round "?"]
[White "Cox, Tristan"]
[Black "Baker, Chris W"]
[Result "1/2-1/2"]
[WhiteElo "2141"]
[BlackElo "2272"]
[PlyCount "101"]
[EventDate "2022.04.02"]
[EventType "swiss (blitz)"]
[EventRounds "74"]
[EventCountry "USA"]
[SourceTitle "CBM 207 Extra"]
[Source "ChessBase"]
[SourceDate "2022.05.31"]
[SourceVersion "1"]
[SourceVersionDate "2022.05.31"]
[SourceQuality "1"]

1. d4 Nf6 2. c4 e6 3. g3 Bb4+ 4. Nd2 Qe7 5. Bg2 0-0 6. Ngf3 d6 7. 0-0 e5 8. dxe5 dxe5 9. a3 Bxd2 10. Bxd2 Ne4 11. Bb4 c5 12. Be1 Nc6 13. Qc2 Nf6 14. e3 Bg4 15. Bc3 Rfd8 16. Rad1 Rxd1 17. Rxd1 e4 18. Bxf6 Qxf6 19. Qxe4 Ne5 20. Nxe5 Bxd1 21. Qxb7 Re8 22. Nxf7 Re7 23. Qd5 Rxf7 24. Qxd1 Qxf2+ 25. Kh1 Rf8 26. Qd5+ Kh8 27. Qd1 Qxe3 28. b4 Qd4 29. Qc1 Rd8 30. h3 Qd1+ 31. Qxd1 Rxd1+ 32. Kh2 cxb4 33. axb4 Rb1 34. b5 Rc1 35. Bd5 g6 36. g4 Kg7 37. Kg3 Kf6 38. Kf4 g5+ 39. Ke4 h6 40. Kd4 Rd1+ 41. Kc5 Ke5 42. Kc6 Rd3 43. Kb7 Ra3 44. Bc6 Kd6 45. Bd5 Kc5 46. Be6 Rxh3 47. Kxa7 Ra3+ 48. Kb7 Ra4 49. Bd5 Rb4 50. Kc7 Rb1 51. Be6 1/2-1/2

[Event "ECF Charity Marathon UKR"]
[Site "Chess.com INT"]
[Date "2022.04.03"]
[Round "?"]
[White "Cox, Tristan"]
[Black "Buckley, Colm"]
[Result "1-0"]
[WhiteElo "2141"]
[BlackElo "1905"]
[PlyCount "75"]
[EventDate "2022.04.02"]
[EventType "swiss (blitz)"]
[EventRounds "74"]
[EventCountry "USA"]
[SourceTitle "CBM 207 Extra"]
[Source "ChessBase"]
[SourceDate "2022.05.31"]
[SourceVersion "1"]
[SourceVersionDate "2022.05.31"]
[SourceQuality "1"]

1. e4 e6 2. Nf3 d5 3. e5 c5 4. b4 c4 5. c3 a5 6. b5 a4 7. Ba3 Be7 8. d3 cxd3 9. Bxd3 Bd7 10. 0-0 Qb6 11. Qe2 Ra5 12. Nd4 Bc5 13. Bxc5 Qxc5 14. Qg4 g6 15. Rc1 Ne7 16. Nd2 0-0 17. c4 dxc4 18. Rxc4 Qxe5 19. N2f3 Qg7 20. Rac1 e5 21. Qh4 exd4 22. Qxe7 Bxb5 23. Rxd4 Bxd3 24. Rxd3 Nc6 25. Qxb7 Ne5 26. Nxe5 Qxe5 27. h3 Rb5 28. Qa7 Qe2 29. Ra3 Rd8 30. Qxa4 Rb2 31. Qh4 Rdd2 32. Rf1 Rxa2 33. Rf3 Qe5 34. Qh6 Re2 35. h4 Rab2 36. Qc1 Rec2 37. Qa1 Qe7 38. h5 1-0

[Event "ECF Charity Marathon UKR"]
[Site "Chess.com INT"]
[Date "2022.04.03"]
[Round "?"]
[White "Shearsby, Jude"]
[Black "Cox, Tristan"]
[Result "0-1"]
[WhiteElo "1814"]
[BlackElo "2141"]
[PlyCount "54"]
[EventDate "2022.04.02"]
[EventType "swiss (blitz)"]
[EventRounds "74"]
[EventCountry "USA"]
[SourceTitle "CBM 207 Extra"]
[Source "ChessBase"]
[SourceDate "2022.05.31"]
[SourceVersion "1"]
[SourceVersionDate "2022.05.31"]
[SourceQuality "1"]

1. e4 d5 2. exd5 Qxd5 3. Nf3 Bg4 4. Be2 Nc6 5. Nc3 Qd7 6. d4 0-0-0 7. Be3 e6 8. Ne5 Nxe5 9. dxe5 Qxd1+ 10. Rxd1 Rxd1+ 11. Kxd1 Bxe2+ 12. Kxe2 Ne7 13. g4 h5 14. f3 hxg4 15. fxg4 Ng6 16. Kf3 Nxe5+ 17. Kf4 Bd6 18. Ne4 Ng6+ 19. Kf3 Rh3+ 20. Ke2 Nf4+ 21. Kd2 Nd5 22. Nxd6+ cxd6 23. Bxa7 b6 24. c4 Ne3 25. Re1 Nxc4+ 26. Kc2 Kb7 27. Re4 d5 0-1

[Event "Checkmate Covid Rematch"]
[Site "Chess.com INT"]
[Date "2021.06.06"]
[Round "?"]
[White "Cox, Tristan"]
[Black "Brett, Andrew"]
[Result "1-0"]
[WhiteElo "2141"]
[BlackElo "2085"]
[PlyCount "31"]
[EventDate "2021.06.05"]
[EventType "swiss (blitz)"]
[EventRounds "20"]
[EventCountry "ENG"]
[SourceTitle "CBM 202 Extra"]
[Source "ChessBase"]
[SourceDate "2021.07.31"]
[SourceVersion "1"]
[SourceVersionDate "2021.07.31"]
[SourceQuality "1"]

1. Nf3 d5 2. d4 Nf6 3. c4 e6 4. Nc3 c6 5. Bg5 Be7 6. e3 Nbd7 7. Rc1 0-0 8. Bd3 c5 9. cxd5 Nxd5 10. Bxe7 Qxe7 11. Nxd5 exd5 12. dxc5 Nxc5 13. Bxh7+ Kxh7 14. Qc2+ g6 15. Qxc5 Bg4 16. Qxe7 1-0

[Event "Checkmate Covid Rematch"]
[Site "Chess.com INT"]
[Date "2021.06.06"]
[Round "?"]
[White "Cox, Tristan"]
[Black "Buckley, Colm"]
[Result "1-0"]
[WhiteElo "2141"]
[BlackElo "1920"]
[PlyCount "91"]
[EventDate "2021.06.05"]
[EventType "swiss (blitz)"]
[EventRounds "20"]
[EventCountry "ENG"]
[SourceTitle "CBM 202 Extra"]
[Source "ChessBase"]
[SourceDate "2021.07.31"]
[SourceVersion "1"]
[SourceVersionDate "2021.07.31"]
[SourceQuality "1"]

1. Nf3 Nf6 2. g3 b6 3. Bg2 Bb7 4. 0-0 g6 5. c4 Bg7 6. Nc3 0-0 7. d4 d5 8. cxd5 Nxd5 9. Re1 Nxc3 10. bxc3 Nd7 11. e4 e5 12. Bg5 Qe8 13. Qd2 exd4 14. cxd4 Bxe4 15. Bh6 Nf6 16. Bxg7 Kxg7 17. Ng5 Qb5 18. Nxe4 Nxe4 19. Rxe4 Rad8 20. Rae1 c5 21. Qf4 c4 22. Qe5+ Qxe5 23. dxe5 c3 24. Rc4 Rc8 25. Ree4 c2 26. Rxc2 Rxc2 27. Ra4 a5 28. h4 Rd8 29. Be4 Rb2 30. Bc6 Rd1+ 31. Kg2 Rdd2 32. Rf4 Rxa2 33. Be8 Re2 34. Rxf7+ Kh6 35. g4 g5 36. hxg5+ Kxg5 37. Kg3 Ra3+ 38. f3 Rxe5 39. Bc6 Kg6 40. Rd7 Re6 41. Bb7 a4 42. Kf4 Rf6+ 43. Kg3 b5 44. Be4+ Kh6 45. Rxh7+ Kg5 46. Rh5# 1-0

[Event "Checkmate Covid Rematch"]
[Site "Chess.com INT"]
[Date "2021.06.06"]
[Round "?"]
[White "Cox, Tristan"]
[Black "Graff, Ben"]
[Result "1-0"]
[WhiteElo "2141"]
[BlackElo "1867"]
[PlyCount "37"]
[EventDate "2021.06.05"]
[EventType "swiss (blitz)"]
[EventRounds "20"]
[EventCountry "ENG"]
[SourceTitle "CBM 202 Extra"]
[Source "ChessBase"]
[SourceDate "2021.07.31"]
[SourceVersion "1"]
[SourceVersionDate "2021.07.31"]
[SourceQuality "1"]

1. Nf3 d5 2. g3 Nf6 3. Bg2 c6 4. 0-0 Bf5 5. d3 e6 6. b3 Be7 7. Bb2 0-0 8. Nbd2 Nbd7 9. c4 Rc8 10. a3 Re8 11. Rc1 a5 12. Rc2 Qb6 13. Qa1 Nc5 14. Rb1 Nxb3 15. Nxb3 Qxb3 16. Nd4 Qb6 17. Nxf5 exf5 18. Bxf6 Qc7 19. Bxg7 1-0